00375nam a2200157Ia 4500008004100000082002100041100001800062245002200080250000600102260002100108300000800129600001800137630002200155700001800177730002200195151018s9999 xx 000 0 und d bRBASDV14080a823 aE. S. Gardner aShittering Bishop b1 bGuilt Bookc1953 a196 aE. S. Gardner aShittering Bishop aE. S. Gardner aShittering Bishop